000 00965nam a22002897a 4500
001 5773
003 FISKH
005 20250602105321.0
008 250121b cb ||||| |||| 00| 0 eng d
020 _a9780531284568
040 _aFISKH
_beng
_cFISKH
_dFISKH
050 _aQC753.S38
082 _a538
100 _aSchuh, Mari C.
245 _aMagnetism /
_cby Mari Schuh
250 _aThis edition first published in 2011
260 _aMinneapolis :
_bBellwether Media,
_c2008.
300 _a24 pages :
_bcolor illustrations ;
_c23 cm
490 _aFirst Science
505 _aM
520 _a"First Science explains introductory physical science concepts about magnetism through real-world observation and simple scientific diagrams. Intended for students grades three through six"--Provided by publisher.
521 8 _a540
_bLexile
521 8 _aM
_bRaz-Plus
650 _aMagnetism
_vPhysics
942 _2ddc
_cBK
_n0
999 _c5773
_d5773